000 00280nam a22001217a 4500
040 _cSY
082 _a025
100 _aហ៊ីង សាលីន
245 _aហិរញ្ញវត្ថុជនបទ
260 _aRUA
_bហ៊ីង
_c2005
300 _a139p.
942 _cKB
999 _c9072
_d9072